| 000 | 00748cam a22001697a 4500 | ||
|---|---|---|---|
| 020 | _a0819456888 | ||
| 050 | 0 | 0 |
_aR857.L37 _bC65 2005 |
| 245 | 0 | 0 |
_aCommercial and biomedical applications of ultrafast lasers V : _b24-27 January, 2005, San Jose, California, USA / _cJoseph Neev ... [et al.], chairs/editors ; sponsored by SPIE--the International Society for Optical Engineering ; Spectra Physics (USA) IMRA America, Inc. ; published by SPIE--the International Society for Optical Engineering. |
| 260 |
_aBellingham, Wash. : _bSPIE, _cc2005. |
||
| 300 | _aviii, 304 p. : | ||
| 650 | 0 | _vCongresses. | |
| 650 | 0 | _vCongresses. | |
| 650 | 0 |
_xIndustrial applications _vCongresses. |
|
| 650 | 0 | _vCongresses. | |
| 700 | 1 | _aNeev, Joseph. | |
| 942 |
_2lcc _cGEN |
||
| 999 |
_c14105 _d14105 |
||